000 00752nam a2200205 i 4500
001 41989
003 ES-MaACL
005 20250813040331.0
007 t|
008 030312s1882 sp ||||1| spa d
100 1 _aCasas y Gómez de Andino, Hipólito.
_936239
245 1 0 _aDiscurso leído en el solemne acto de apertura del curso académico de 1882 a 1883 en la Universidad Literaria de Oviedo /
_cpor doctor Hipólito Casas y Gómez de Andino.
260 _aOviedo :
_b[s.n.],
_c1882 (
_fImp. y lit. de Vicente Brid)
300 _a62 p. ;
_c31 cm.
500 _aPort. con esc.
600 0 4 _aAlfonso
_bX,
_cRey de Castilla
_919872
710 2 _aUniversidad Literaria de Oviedo.
_97389
852 _aES-MaACL
_jT-392-F-2
999 _c41989
_d41989